Trigonometría números complexos (Registro nro. 7606)

Detalles MARC
000 -CABECERA
Campo de control interno 01748nam a2200241Ia 4500
008 - ELEMENTOS DE LONGITUD FIJA - INFORMACIÓN GENERAL
Campo de control de longitud fija 260220t2005||||xx |||||||||||||| ||spa||
040 ## - FUENTE DE CATALOGACIÓN
Agencia de catalogación original PY-SlUNAC
Idioma de catalogación spa
Convenciones de descripción rda
041 ## - CÓDIGO DE IDIOMA
Código de idioma para texto/pista de sonido o título separado spa
082 ## - NÚMERO DE CLASIFICACIÓN DECIMAL DEWEY
Clasificación Decimal Dewey (CDD) 516.24
Clasificación Expansiva de Cutter (EC) T734t
245 #0 - TÍTULO
Título Trigonometría números complexos
250 ## - MENCIÓN DE EDICIÓN
Mención de edición Tercera edición
264 ## - PIE DE IMPRENTA
Lugar Río de Janeiro :
Editorial Sociedade Brasileira de Matemática,
Año ℗2005.
300 ## - DESCRIPCIÓN FÍSICA
Páginas 1 volumen
520 ## - NOTA DE RESUMEN
Nota de resumen El libro "Trigonometría de Números Complejos", publicado por la Sociedade Brasileira de Matemática en 2005, aborda de manera sistemática y rigurosa la intersección entre la trigonometría y los números complejos. A lo largo de sus capítulos, se exploran conceptos fundamentales como el círculo unitario, la representación polar de los números complejos y las funciones trigonométricas extendidas a este ámbito. El autor proporciona una serie de ejemplos prácticos y ejercicios que ilustran la aplicabilidad de estos conceptos en diversas áreas de la matemática. Además, se analizan las implicaciones de la trigonometría de números complejos en la resolución de ecuaciones polinómicas y en la teoría de Fourier, destacando su relevancia en la ingeniería y la física. Este texto se convierte en una herramienta valiosa tanto para estudiantes como para profesionales que buscan profundizar su comprensión de la trigonometría en el contexto de los números complejos, facilitando un enfoque integral hacia el estudio de estas disciplinas matemáticas.
653 ## - MATERIA - TÉRMINO TEMÁTICO NO CONTROLADO (PALABRAS CLAVE)
Materia - término temático no controlado (palabras clave) Matemáticas
653 ## - MATERIA - TÉRMINO TEMÁTICO NO CONTROLADO (PALABRAS CLAVE)
Materia - término temático no controlado (palabras clave) Números complejos
653 ## - MATERIA - TÉRMINO TEMÁTICO NO CONTROLADO (PALABRAS CLAVE)
Materia - término temático no controlado (palabras clave) Trigonometría
942 ## - ELEMENTOS PERSONALIZADOS (KOHA)
Fecha catalogación 2026/02/17
Tipo de documento Libros
Existencias
Fuente de Clasificacion Colección Ubicacion permanente Biblioteca actual Fecha de Ingreso a la Biblioteca Origen de adquisición Enumeración en serie / cronología Código de ubicación Código de barras Tipo de Item KOHA Nota pública
Dewey Decimal Classification Colección General (CG) Biblioteca e Internet, Facultad de Ciencias Exactas y Naturales Biblioteca e Internet, Facultad de Ciencias Exactas y Naturales 02/20/2026 Donación 3aEd. 516.24 T734t CG966 Libros Material disponible en la Biblioteca e Intenet, Campus UNA, San Lorenzo.